| 000 | 02197nam0a2200361 i 4500 | ||
|---|---|---|---|
| 001 | RU\NLR\bibl\2060100 | ||
| 005 | 20260406064454.0 | ||
| 010 |
_a9785967719097 _92000 |
||
| 021 |
_aRU _b2013-52550 _93648 |
||
| 035 | _a(NLR Aleph) 002046862 | ||
| 090 |
_a4622719 _c4622719 |
||
| 100 | _a20130806d2013 u y0rusy50 ca | ||
| 101 | 0 | _arus | |
| 102 | _aRU | ||
| 105 | _aa ||||||||| | ||
| 200 | 1 |
_aСекреты профессиональной работы с "1С:Бухгалтерией 8" (редакция 3.0). Учет производственных операций _eучебное пособие для студентов, обучающихся по специальностям "Финансы и кредит", "Бухгалтреский учет, анализ и аудит", "Мировая экономика", "Налоги и налогообложение" _fЕ.В. Самарина, С.А. Харитонов, Д.В. Чистов |
|
| 205 | _aИзд. 3-е | ||
| 210 |
_aМосква _c1С-Паблишинг _d2013 |
||
| 215 |
_a519 с. _cил. _d21 |
||
| 225 | 1 | _aРекомендовано УМО | |
| 517 | 0 | _aУчет производственных операций | |
| 606 | 1 |
_aОсновные средства _jУчебные издания для высших учебных заведений _xУчет _yРоссийская Федерация _92096407 _3RU\NLR\auth\661268384 |
|
| 606 | 1 |
_a"1С: Бухгалтерия, 8", автоматизированная система _jУчебные издания для высших учебных заведений _92474203 _3RU\NLR\auth\661469225 |
|
| 686 | _aУ052.9(2)2-145.711я73 | ||
| 686 | _aУ052.9(2)2-211.853я73 | ||
| 700 | 1 |
_aСамарина _bЕ. В. _4070 |
|
| 701 | 1 |
_4070 _7ca _8rus _aХаритонов _bС. А. _cд-р экон. наук, бух. учет _gСергей Александрович _9123938 _3RU\NLR\auth\7714265 |
|
| 701 | 1 |
_aЧистов _bД. В. _gДмитрий Владимирович _4070 |
|
| 801 | 0 |
_aRU _bNLR _c20130806 _gRCR |
|
| 801 | 1 |
_aRU _bNLR _c20130806 |
|
| 942 | _cBOOK | ||
| 980 | _aNBR | ||